[Event "RSA-chT U10"]
[Site "Cape Town"]
[Date "2016.01.04"]
[Round "1.9"]
[White "Korb, Simon"]
[Black "Beesley, Cameron"]
[Result "0-1"]
[WhiteElo "618"]
[BlackElo "718"]
[PlyCount "62"]
[EventDate "2016.01.04"]
[EventType "team-tourn"]
[EventRounds "7"]
[EventCountry "RSA"]
[SourceTitle "CBM 170 Extra"]
[Source "ChessBase"]
[SourceDate "2016.02.25"]
[SourceVersion "1"]
[SourceVersionDate "2016.02.25"]
[SourceQuality "1"]
[WhiteTeam "Kenneth Kaunda"]
[BlackTeam "Ethekwini"]
[WhiteTeamCountry "RSA"]
[BlackTeamCountry "RSA"]

1. e4 e5 2. Nf3 Nc6 3. Bc4 Nf6 4. Nc3 Bc5 5. d3 Ng4 6. 0-0 Bxf2+ 7. Kh1 Bd4 8. Bg5 Ne7 9. Nd5 f6 10. Nxe7 Qxe7 11. Bd2 Nf2+ 12. Rxf2 Bxf2 13. a3 d6 14. Qe2 Bd4 15. Bc3 Bxc3 16. bxc3 Bg4 17. Rb1 0-0-0 18. Bd5 c6 19. Bc4 f5 20. d4 Qh4 21. Nxh4 Bxe2 22. Bxe2 fxe4 23. Bg4+ Kb8 24. d5 cxd5 25. Nf5 Rhf8 26. Nxg7 Rf7 27. Ne6 Rdf8 28. Nxf8 Rxf8 29. Bd7 Rf7 30. Bc6 h6 31. Rb2 Rf1# 0-1